000 00763nam a22002177a 4500
003 UA-OsUOA
001 36191
007 ta
008 20060707b un ||||| |||| 00| 0 ukr d
090 _a082
_bП11
942 _cBK
040 _aUA-OsUOA
_bukr
_cUA-OsUOA
_dUA-OsUOA
245 _aП'ятнадцята наукова сесія осередку Наукового товариства ім. Шевченка у Черкасах
_bМатеріали доповідей на засіданнях секцій і комісій
_c10-27 березня 2004 року
300 _a167 с.
955 _a1
041 _aukr
080 _a082
260 _aЧеркаси
_c2004
650 7 _a08 Видання. Колективні праці
_2UDC
999 _c434731
_d434731